Statistics for Rupaul's Drag Race Season 9 Queens In Order

Click here to take the quiz!

General Stats

  • This quiz has been taken 340 times
  • The average score is 12 of 14

Answer Stats

PlaceAnswer% Correct
2ndPeppermint
93%
1stSasha Velour
93%
4th/3rdShea Couleé
91%
4th/3rdTrinity Taylor
91%
14thJaymes Mansfield
89%
7thValentina
88%
5thAlexis Michelle
86%
6thNina Bo'nina Brown
86%
13thKimora Blac
85%
9thAja
84%
8thFarrah Moan
84%
11thEureka O'Hara
83%
12thCharlie Hides
81%
10thCynthia Lee Fontaine
81%

Score Distribution

Percentile by Number Answered

Percent of People with Each Score

Your Score History

You have not taken this quiz